000 00290nam a22001337a 4500
008 180907b xxu||||| |||| 00| 0 eng d
020 _a9780763753689
041 _aeng
080 _26 ED
_a573
100 _a11
101 _aBIO
245 _aHuman Biology
_cChiras D.D
942 _2udc
_cBK
999 _c47602
_d47602